000 01010cam a22002531 4500
001 gs 36000084
003 DLC
005 20260227111340.0
008 770216s1936 xx b f001 0 eng
010 _ags 36000084
035 _a(OCoLC)2742049
040 _aDLC
_cPClS
_dOCoLC
_dDLC
042 _apremarc
050 0 0 _aQE75
_b.B9 no. 855
100 1 _aButts, Charles,
_d1863-1946.
245 1 0 _aGeology and mineral resources of the Bellefonte quadrangle, Pennsylvania,
_cby Charles Butts and Elwood S. Moore.
260 _aWashington,
_bU.S. Govt. Print. Off.,
_c1936.
300 _avi, 111 p.
_bincl. maps, tables. 12 pl. (incl. fold. col. map, fold. col. profile, fold. diagr.; in pocket) on 8 l.
_c23 cm.
410 2 0 _aGeological Survey (U.S.)
_tBulletin
_v855
500 _aAt head of title: United States Department of the Interior.
504 _aBibliographical foot-notes.
650 0 _aGeology
_zPennsylvania
_zCentre County.
650 0 _aMines and mineral resources
_zPennsylvania
_zCentre County.
999 _c27251
_d27251